Countries with White in their flag located in the Eastern Hemisphere - Statistics

General Stats
  • This quiz has been taken 10 times
  • The average score is 14 of 16
Answer Stats
Picture Answer % Correct
Czech Republic
100%
France
100%
Israel
100%
Poland
100%
Bulgaria
89%
Croatia
89%
Estonia
89%
Finland
89%
Netherlands
89%
Slovakia
89%
Indonesia
78%
Kenya
78%
Malta
78%
Monaco
78%
Singapore
78%
Slovenia
78%
No matching quizzes found
Score Distribution
Percent of People with Each Score
Percentile by Number Answered
Your Score History
You have not taken this quiz